00484nam a22001697a 450000500170000001000150001702000260003203500140005803700090007208200130008110000170009424500520011125000060016326000550016927000700022430000200029420260609122851.0 aENG-148796 a9789364445719c995.00 aEN-132328 bDBAD 25a005.8 aKahate, Atul aCryptography and Network Security/cAtul Kahate a5 aChennaibMcGraw Hill Education India Pvt Ltdc2026 a5/90 Anjana Complex, Butt Road, St. Thomas MountbChennaie600016 a487p.c24cm(pb)